The Prevention of Food Adulteration Act & Rules (Record no. 503067)

000 -LEADER
fixed length control field 00528cam a22001577a 4500
008 - FIXED-LENGTH DATA ELEMENTS--GENERAL INFORMATION
fixed length control field 180718b2008 xxu||||| |||| 00| 0 eng d
082 ## - DEWEY DECIMAL CLASSIFICATION NUMBER
Classification number O603x54 C344
245 ## - TITLE STATEMENT
Title The Prevention of Food Adulteration Act & Rules
250 ## - EDITION STATEMENT
Edition statement Chadha D S
260 ## - PUBLICATION, DISTRIBUTION, ETC.
Place of publication, distribution, etc. New Delhi
Name of publisher, distributor, etc. Confederation of Indian Industry
Date of publication, distribution, etc. 2008
300 ## - PHYSICAL DESCRIPTION
Extent 624p.
650 ## - SUBJECT ADDED ENTRY--TOPICAL TERM
Topical term or geographic name entry element India (Republic) Addictive drugs Law Cases
650 ## - SUBJECT ADDED ENTRY--TOPICAL TERM
Topical term or geographic name entry element Drugs -- Law and legislation -- India -- Cases
650 ## - SUBJECT ADDED ENTRY--TOPICAL TERM
Topical term or geographic name entry element Food law and legislation -- India -- Cases
700 ## - ADDED ENTRY--PERSONAL NAME
Personal name By D S Chadha
Holdings
Withdrawn status Lost status Damaged status Not for loan Permanent Location Current Location Date acquired Full call number Barcode Date last seen Price effective from Koha item type
        Indian Institute of Public Administration Indian Institute of Public Administration 2018-08-04 O603x54 C344 GR19521 2018-08-04 2018-08-04 GR

Powered by Koha